| 000 | 00396nam a2200145 4500 | ||
|---|---|---|---|
| 005 | 20220509091025.0 | ||
| 008 | 220509r2010 ck ao||br|||| 00| 0 spa d | ||
| 020 | _a9789583033391 | ||
| 040 |
_aCO-JMCR _dCO-JMCR |
||
| 041 | 1 |
_aspa _heng |
|
| 082 | 0 | 4 |
_a520.2 / _bC649c _223 |
| 110 |
_aLibsa _942075 |
||
| 245 | 1 | 0 |
_aCómo funciona el universo : _bUna combinación perfecta / _cLibsa |
| 999 |
_c29222 _d15876 |
||